[Event "IECG WC.2005.T.00001 email"]
[Site "IECG email"]
[Date "2004.12.15"]
[Round "?"]
[White "Schulze, Michael"]
[Black "Siebrandt, Jeffrey B"]
[Result "1-0"]
[WhiteElo "2340"]
[BlackElo "2296"]
[PlyCount "23"]
[EventDate "2004.12.15"]
[EventType "tourn (corr)"]
[EventRounds "10"]
[SourceTitle "Corr 2024"]
[Source "ChessBase"]
[SourceDate "2023.10.19"]
[SourceVersion "1"]
[SourceVersionDate "2023.10.19"]
[SourceQuality "1"]

1. e4 d5 2. exd5 Qxd5 3. Nc3 Qa5 4. d4 Nf6 5. Bc4 c6 6. Bd2 Bf5 7. Nge2 Qb6 8. Ng3 Bg6 9. Qe2 e6 10. f4 Bd6 11. 0-0-0 0-0 12. h4 1-0

[Event "IECG TE.2004.P.01614 email"]
[Site "IECG email"]
[Date "2004.09.22"]
[Round "?"]
[White "Siebrandt, Jeffrey B"]
[Black "Huerga, Jorge Hugo"]
[Result "1-0"]
[WhiteElo "2296"]
[BlackElo "1801"]
[PlyCount "69"]
[EventDate "2004.09.22"]
[EventType "tourn (corr)"]
[EventRounds "8"]
[SourceTitle "Corr 2008"]
[Source "ChessBase"]
[SourceDate "2008.06.24"]
[SourceVersion "1"]
[SourceVersionDate "2008.06.24"]
[SourceQuality "1"]

1. e4 c6 2. d4 d5 3. e5 Bf5 4. Nc3 e6 5. g4 Bg6 6. Nge2 f6 7. h4 fxe5 8. h5 Bf7 9. dxe5 Nd7 10. f4 Qb6 11. a3 Nh6 12. Ng3 Bc5 13. Na4 Bf2+ 14. Ke2 Qd4 15. Qxd4 Bxd4 16. Bh3 b5 17. Nc3 g6 18. g5 Nf5 19. Bxf5 exf5 20. Be3 Bxe3 21. Kxe3 0-0-0 22. Nge2 Nb6 23. hxg6 hxg6 24. Kd4 Nd7 25. b4 a6 26. Rh6 Nf8 27. Ke3 Ne6 28. Nd4 Rxh6 29. gxh6 c5 30. bxc5 Nxc5 31. h7 Rh8 32. Rh1 Kc7 33. Nf3 Be6 34. Ng5 Kd7 35. Rh6 1-0

[Event "IECG WC.2005.S.00013 email"]
[Site "IECG email"]
[Date "2003.05.19"]
[Round "?"]
[White "Siebrandt, Jeffrey B"]
[Black "Espindola, Carlos Alejandro"]
[Result "1/2-1/2"]
[WhiteElo "2287"]
[BlackElo "2371"]
[PlyCount "69"]
[EventDate "2003.05.19"]
[EventType "tourn (corr)"]
[EventRounds "10"]
[SourceTitle "Corr 2008"]
[Source "ChessBase"]
[SourceDate "2008.06.24"]
[SourceVersion "1"]
[SourceVersionDate "2008.06.24"]
[SourceQuality "1"]

1. e4 c6 2. d4 d5 3. e5 Bf5 4. Nc3 e6 5. g4 Bg6 6. Nge2 c5 7. h4 h6 8. Be3 cxd4 9. Nxd4 Bb4 10. h5 Be4 11. f3 Bh7 12. Bd3 Bxd3 13. Qxd3 Nd7 14. 0-0-0 Bxc3 15. Qxc3 Rc8 16. Qe1 Nxe5 17. Bf4 Nc6 18. Nf5 Kf8 19. Nd6 Rc7 20. Qe3 Rd7 21. Qa3 Nge7 22. Rhe1 Kg8 23. Bg3 e5 24. Rxe5 Nxe5 25. Bxe5 Nc6 26. Bg3 Qb6 27. Qc3 Nb4 28. Kb1 Rxd6 29. Bxd6 Qxd6 30. Qc8+ Qf8 31. Qxb7 Qd6 32. Qc8+ Kh7 33. Qf5+ Kg8 34. Qc8+ Kh7 35. Qf5+ 1/2-1/2

[Event "IECG CM.2000.0.00100"]
[Site "IECG email"]
[Date "2000.??.??"]
[Round "?"]
[White "Aleshnia, Valery Valentinovic"]
[Black "Siebrandt, Jeffrey B"]
[Result "1/2-1/2"]
[WhiteElo "2388"]
[BlackElo "2228"]
[PlyCount "71"]
[EventDate "2000.02.20"]
[EventType "tourn (corr)"]
[EventRounds "6"]
[SourceTitle "Corr 2008"]
[Source "ChessBase"]
[SourceDate "2008.06.24"]
[SourceVersion "1"]
[SourceVersionDate "2008.06.24"]
[SourceQuality "1"]

1. Nf3 Nf6 2. g3 d5 3. Bg2 c6 4. 0-0 Bg4 5. c4 e6 6. d3 Nbd7 7. cxd5 cxd5 8. Nc3 Be7 9. Bd2 0-0 10. a3 a6 11. b4 Bd6 12. Qb3 Qe7 13. Rfc1 Rfc8 14. h3 Bh5 15. g4 Bg6 16. Nh4 Bc7 17. Nxg6 hxg6 18. Ra2 Qd6 19. Rac2 Qh2+ 20. Kf1 Nb8 21. e3 Nc6 22. Ne2 Qd6 23. a4 Bb6 24. b5 axb5 25. Qxb5 Qd8 26. e4 dxe4 27. dxe4 Na7 28. Qb3 Rxc2 29. Rxc2 Nd7 30. a5 Bxa5 31. Qxb7 Rb8 32. Qxa7 Bxd2 33. Rxd2 Rb1+ 34. Nc1 Rxc1+ 35. Ke2 Rc7 36. Qd4 1/2-1/2

[Event "IECG LM.2000.0.00005 email"]
[Site "IECG email"]
[Date "2000.??.??"]
[Round "?"]
[White "De Sa Nobrega, Aurelio Agostinhio"]
[Black "Siebrandt, Jeffrey B"]
[Result "0-1"]
[WhiteElo "2074"]
[BlackElo "2223"]
[PlyCount "80"]
[EventDate "2000.08.28"]
[EventType "tourn (corr)"]
[EventRounds "14"]
[SourceTitle "Corr 2008"]
[Source "ChessBase"]
[SourceDate "2008.06.24"]
[SourceVersion "1"]
[SourceVersionDate "2008.06.24"]
[SourceQuality "1"]

1. Nf3 Nf6 2. c4 e6 3. Nc3 d5 4. d4 c6 5. e3 Nbd7 6. Qc2 Bd6 7. Be2 0-0 8. 0-0 Re8 9. Rd1 Qe7 10. h3 h6 11. a3 a5 12. b3 b6 13. Bb2 Bb7 14. e4 Nxe4 15. Nxe4 dxe4 16. Qxe4 Nf6 17. Qe3 c5 18. Ne5 a4 19. bxa4 Rxa4 20. Bd3 Rea8 21. Bc2 cxd4 22. Rxd4 R4a5 23. Rd2 Qc7 24. Re2 b5 25. cxb5 Rxb5 26. Bd4 Rba5 27. a4 Nd5 28. Qc1 Ba6 29. Re1 Bc5 30. Nf3 Bxd4 31. Nxd4 Rc5 32. Qd2 Rd8 33. Bd3 Bxd3 34. Qxd3 Nf4 35. Qe3 Rg5 36. Rec1 Qb7 37. Nc6 Rxg2+ 38. Kh1 e5 39. Rc3 Qb2 40. Rf1 Rd1 0-1

[Event "IECG CM.2000.0.00100"]
[Site "IECG email"]
[Date "2000.??.??"]
[Round "?"]
[White "Dunne, Alex"]
[Black "Siebrandt, Jeffrey B"]
[Result "1/2-1/2"]
[WhiteElo "2227"]
[BlackElo "2228"]
[PlyCount "87"]
[EventDate "2000.02.20"]
[EventType "tourn (corr)"]
[EventRounds "6"]
[SourceTitle "Corr 2008"]
[Source "ChessBase"]
[SourceDate "2008.06.24"]
[SourceVersion "1"]
[SourceVersionDate "2008.06.24"]
[SourceQuality "1"]

1. e4 c6 2. d4 d5 3. Nc3 dxe4 4. Nxe4 Nd7 5. Nf3 Ngf6 6. Nxf6+ Nxf6 7. Bc4 Bf5 8. Qe2 e6 9. Bg5 Bg4 10. 0-0-0 Be7 11. Rhe1 0-0 12. h3 Bxf3 13. Qxf3 Nd5 14. Bxe7 Qxe7 15. Kb1 Rfd8 16. Bd3 b5 17. h4 b4 18. Qe4 g6 19. h5 a5 20. hxg6 hxg6 21. Qe5 a4 22. Be4 Ra5 23. Ka1 Rda8 24. Rh1 Nf6 25. Qh2 Rh5 26. Qf4 Nxe4 27. Rxh5 gxh5 28. Qxe4 Qg5 29. Kb1 Rd8 30. Qxc6 Qg4 31. Qf3 Qxf3 32. gxf3 Kg7 33. c4 bxc3 34. bxc3 Rb8+ 35. Kc2 a3 36. c4 Rb2+ 37. Kc3 Rxa2 38. c5 Kf6 39. Kb3 Rxf2 40. Kxa3 h4 41. Kb4 h3 42. d5 exd5 43. Rxd5 h2 44. Rh5 1/2-1/2

[Event "IECG LM.2000.0.00005 email"]
[Site "IECG email"]
[Date "2000.??.??"]
[Round "?"]
[White "Fahrbach, Manfred"]
[Black "Siebrandt, Jeffrey B"]
[Result "0-1"]
[WhiteElo "2273"]
[BlackElo "2223"]
[PlyCount "57"]
[EventDate "2000.08.28"]
[EventType "tourn (corr)"]
[EventRounds "14"]
[SourceTitle "Corr 2008"]
[Source "ChessBase"]
[SourceDate "2008.06.24"]
[SourceVersion "1"]
[SourceVersionDate "2008.06.24"]
[SourceQuality "1"]

1. d4 Nf6 2. Bg5 Ne4 3. Bf4 d5 4. e3 Bf5 5. Nd2 Nxd2 6. Qxd2 e6 7. Bd3 Bxd3 8. Qxd3 Nd7 9. Nf3 Bd6 10. Bg5 f6 11. Bf4 Qe7 12. Bxd6 Qxd6 13. 0-0 0-0 14. e4 c6 15. Rfe1 e5 16. Rad1 Rae8 17. exd5 Qxd5 18. c4 Qf7 19. b3 a6 20. c5 exd4 21. Rxe8 Rxe8 22. Qxd4 Ne5 23. Nxe5 Rxe5 24. Qd8+ Re8 25. h3 h6 26. Qd6 Re2 27. Rd2 Rxd2 28. Qxd2 Qe7 29. Qd4 0-1

[Event "IECG LM.2000.0.00005 email"]
[Site "IECG email"]
[Date "2000.??.??"]
[Round "?"]
[White "Siebrandt, Jeffrey B"]
[Black "Hage, Henk H"]
[Result "1-0"]
[WhiteElo "2223"]
[BlackElo "2295"]
[PlyCount "55"]
[EventDate "2000.08.28"]
[EventType "tourn (corr)"]
[EventRounds "14"]
[SourceTitle "Corr 2008"]
[Source "ChessBase"]
[SourceDate "2008.06.24"]
[SourceVersion "1"]
[SourceVersionDate "2008.06.24"]
[SourceQuality "1"]

1. e4 e6 2. d4 d5 3. e5 c5 4. c3 Nc6 5. Nf3 Bd7 6. a3 c4 7. g3 Na5 8. Nbd2 Ne7 9. Bh3 Ng6 10. Bg2 Be7 11. 0-0 0-0 12. h4 Qe8 13. h5 Ba4 14. Qe2 Nh8 15. h6 g6 16. Nh2 Bc2 17. Re1 Bf5 18. Ng4 Qa4 19. Nf6+ Bxf6 20. exf6 Bd3 21. Qe3 Rac8 22. g4 Rfd8 23. g5 Bf5 24. Qg3 a6 25. Bf3 Bd3 26. Bd1 Bc2 27. Bg4 Bf5 28. Bd1 1-0

[Event "IECG LM.2000.0.00005 email"]
[Site "IECG email"]
[Date "2000.??.??"]
[Round "?"]
[White "Siebrandt, Jeffrey B"]
[Black "Siffring, Claus"]
[Result "1-0"]
[WhiteElo "2223"]
[BlackElo "2197"]
[PlyCount "21"]
[EventDate "2000.08.28"]
[EventType "tourn (corr)"]
[EventRounds "14"]
[SourceTitle "Corr 2008"]
[Source "ChessBase"]
[SourceDate "2008.06.24"]
[SourceVersion "1"]
[SourceVersionDate "2008.06.24"]
[SourceQuality "1"]

1. e4 g6 2. d4 Bg7 3. Nc3 c6 4. f4 d6 5. Nf3 Bg4 6. Be3 Qb6 7. Qd2 Bxf3 8. gxf3 Nd7 9. 0-0-0 Qa5 10. Kb1 b5 11. f5 1-0

[Event "IECG LM.2000.0.00005 email"]
[Site "IECG email"]
[Date "2000.??.??"]
[Round "?"]
[White "Simmelink, Joop Theo"]
[Black "Siebrandt, Jeffrey B"]
[Result "1/2-1/2"]
[WhiteElo "2290"]
[BlackElo "2223"]
[PlyCount "73"]
[EventDate "2000.08.28"]
[EventType "tourn (corr)"]
[EventRounds "14"]
[SourceTitle "Corr 2008"]
[Source "ChessBase"]
[SourceDate "2008.06.24"]
[SourceVersion "1"]
[SourceVersionDate "2008.06.24"]
[SourceQuality "1"]

1. e4 c6 2. d4 d5 3. Nd2 dxe4 4. Nxe4 Nd7 5. Ng5 Ngf6 6. Bd3 e6 7. N1f3 Bd6 8. Qe2 h6 9. Ne4 Nxe4 10. Qxe4 Nf6 11. Qe2 Qc7 12. Bd2 b6 13. 0-0-0 Bb7 14. Ne5 0-0-0 15. f4 Kb8 16. Kb1 c5 17. dxc5 Bxc5 18. Rhe1 Nd5 19. c4 Nf6 20. Bc3 h5 21. g3 Rhe8 22. Bc2 Rh8 23. h3 Ka8 24. Nf3 Rc8 25. Be5 Qe7 26. a3 Rhd8 27. Ng5 a5 28. Ne4 Nxe4 29. Bxe4 Bxe4+ 30. Qxe4+ Qb7 31. Qe2 g6 32. Bf6 Be7 33. Bxe7 Qxe7 34. Rxd8 Rxd8 35. Rd1 Rxd1+ 36. Qxd1 Qc7 37. Qd4 1/2-1/2

[Event "IECG CM.1999.0.00096"]
[Site "IECG email"]
[Date "1999.??.??"]
[Round "?"]
[White "Peetoom, Frank F"]
[Black "Siebrandt, Jeffrey B"]
[Result "1/2-1/2"]
[WhiteElo "2336"]
[BlackElo "2228"]
[PlyCount "57"]
[EventDate "1999.12.30"]
[EventType "tourn (corr)"]
[EventRounds "6"]
[SourceTitle "Corr 2008"]
[Source "ChessBase"]
[SourceDate "2008.06.24"]
[SourceVersion "1"]
[SourceVersionDate "2008.06.24"]
[SourceQuality "1"]

1. e4 c6 2. d4 d5 3. Nd2 dxe4 4. Nxe4 Nd7 5. Ng5 Ngf6 6. Bd3 e6 7. N1f3 Bd6 8. Qe2 h6 9. Ne4 Nxe4 10. Qxe4 Nf6 11. Qe2 Qc7 12. Bd2 b6 13. 0-0-0 Bb7 14. Ne5 0-0-0 15. f4 Kb8 16. Rhe1 c5 17. dxc5 Bxc5 18. Kb1 Rhe8 19. Ba6 Bxa6 20. Qxa6 Rd6 21. Qe2 Red8 22. Nd3 R6d7 23. g3 g6 24. a3 h5 25. Nxc5 Qxc5 26. Bb4 Rxd1+ 27. Rxd1 Rxd1+ 28. Qxd1 Qd5 29. Qxd5 1/2-1/2

[Event "IECG CM.1999.0.00096"]
[Site "IECG email"]
[Date "1999.??.??"]
[Round "?"]
[White "Reichardt, Markus"]
[Black "Siebrandt, Jeffrey B"]
[Result "1/2-1/2"]
[WhiteElo "1987"]
[BlackElo "2228"]
[PlyCount "103"]
[EventDate "1999.12.30"]
[EventType "tourn (corr)"]
[EventRounds "6"]
[SourceTitle "Corr 2008"]
[Source "ChessBase"]
[SourceDate "2008.06.24"]
[SourceVersion "1"]
[SourceVersionDate "2008.06.24"]
[SourceQuality "1"]

1. e4 c6 2. d4 d5 3. exd5 cxd5 4. c4 Nf6 5. Nc3 g6 6. Qb3 Bg7 7. Nf3 dxc4 8. Bxc4 0-0 9. Ne5 e6 10. Be3 Nc6 11. Nxc6 bxc6 12. 0-0 Qc7 13. f3 Nd5 14. Bf2 Rb8 15. Qc2 Rd8 16. Rfe1 Qb7 17. Bb3 Ne7 18. Rad1 Nf5 19. Ne2 a5 20. g4 Ne7 21. Nc3 Qb4 22. Re4 Nd5 23. Bh4 Rd7 24. Bg3 Ra8 25. Na4 Qb5 26. Be5 Rd8 27. Bxg7 Kxg7 28. Nc5 Qb8 29. g5 Qd6 30. Qd2 Ne7 31. Qe3 Nf5 32. Qc3 Kg8 33. Re5 h6 34. gxh6 Nxh6 35. Ne4 Qb4 36. Qxc6 Bb7 37. Qc3 Nf5 38. d5 exd5 39. Nf6+ Kg7 40. Qxb4 axb4 41. Nxd5 Rac8 42. f4 Rd6 43. Ne3 Rxd1+ 44. Nxd1 Rc1 45. Kf2 Nd4 46. Ne3 Nxb3 47. axb3 Rb1 48. Nc4 Rh1 49. Rb5 Rxh2+ 50. Ke3 Rh3+ 51. Kd4 Bh1 52. Ne5 1/2-1/2

[Event "USA-ch blind"]
[Site "Primm"]
[Date "1998.07.25"]
[Round "4"]
[White "Siebrandt, Jeffrey B"]
[Black "Barrasso, Alexander"]
[Result "1/2-1/2"]
[WhiteElo "2039"]
[BlackElo "1720"]
[PlyCount "29"]
[EventDate "1998.07.24"]
[EventType "swiss"]
[EventRounds "4"]
[EventCountry "USA"]
[SourceTitle "EXT 2010"]
[Source "ChessBase"]
[SourceDate "2010.11.25"]
[SourceVersion "1"]
[SourceVersionDate "2010.11.25"]
[SourceQuality "1"]

1. e4 e5 2. Nf3 Nc6 3. Bc4 Bc5 4. 0-0 Nf6 5. d4 exd4 6. e5 d5 7. Bb5 Ne4 8. Nxd4 Bd7 9. Bxc6 bxc6 10. Be3 Bb6 11. Nd2 Nxd2 12. Qxd2 h6 13. c3 Qe7 14. Rfe1 0-0 15. f3 1/2-1/2